ARRUPE JESUIT UNIVERSITY

CORONAVIRUS -STOP THE SPREAD - CLEAN,DISINFECT,COVER

Trade unions: (Record no. 125553)

MARC details
000 -LEADER
fixed length control field 00874cam a2200289 4500
001 - CONTROL NUMBER
control field 782527
003 - CONTROL NUMBER IDENTIFIER
control field ARRUPE
005 - DATE AND TIME OF LATEST TRANSACTION
control field 20161026111202.0
008 - FIXED-LENGTH DATA ELEMENTS--GENERAL INFORMATION
fixed length control field 730501s1972 enk b 001 0 eng
010 ## - LIBRARY OF CONGRESS CONTROL NUMBER
LC control number 73154085
015 ## - NATIONAL BIBLIOGRAPHY NUMBER
National bibliography number B72-32190
020 ## - INTERNATIONAL STANDARD BOOK NUMBER
International Standard Book Number 0140806253
040 ## - CATALOGING SOURCE
Original cataloging agency DLC
Transcribing agency DLC
Modifying agency DLC
043 ## - GEOGRAPHIC AREA CODE
Geographic area code e-uk---
050 00 - LIBRARY OF CONGRESS CALL NUMBER
Classification number HD6483.M26
082 00 - DEWEY DECIMAL CLASSIFICATION NUMBER
Classification number 331.88/0942
300 ## - PHYSICAL DESCRIPTION
Dimensions 18 cm.
100 1# - MAIN ENTRY--PERSONAL NAME
Personal name McCarthy, W. E. J. (comp.)
Fuller form of name (William Edward John),
Relator term comp.
9 (RLIN) 26901
245 10 - TITLE STATEMENT
Title Trade unions:
Remainder of title selected readings;
Statement of responsibility, etc edited by W. E. J. McCarthy.
260 ## - PUBLICATION, DISTRIBUTION, ETC. (IMPRINT)
Place of publication, distribution, etc Harmondsworth,
Name of publisher, distributor, etc Penguin,
Date of publication, distribution, etc 1972.
300 ## - PHYSICAL DESCRIPTION
Extent 416 p.;
350 ## - PRICE (NR) (BK AM CF MU VM SE) [OBSOLETE]
Price £0.60
504 ## - BIBLIOGRAPHY, ETC. NOTE
Bibliography, etc Bibliography: p. 401-404.
650 #0 - SUBJECT ADDED ENTRY--TOPICAL TERM
Topical term or geographic name as entry element Trade unions.
General subdivision Addresses
9 (RLIN) 26902
650 #0 - SUBJECT ADDED ENTRY--TOPICAL TERM
Topical term or geographic name as entry element Trade unions
Geographic subdivision Great Britain.
General subdivision Addresses
9 (RLIN) 26903
906 ## - LOCAL DATA ELEMENT F, LDF (RLIN)
a 7
b cbc
c orignew
d 3
e ncip
f 19
g y-gencatlg
942 ## - ADDED ENTRY ELEMENTS (KOHA)
Source of classification or shelving scheme Library of Congress Classification
Koha item type Monograph ( Printed materials)
Holdings
Withdrawn status Lost status Source of classification or shelving scheme Damaged status Not for loan Collection code Home library Current library Shelving location Date acquired Total Checkouts Full call number Barcode Date last seen Price effective from Koha item type
    Library of Congress Classification     Main Collection ARRUPE LIBRARY ARRUPE LIBRARY Main Collection 24/10/2016   HD6483.M26 46500009660 08/05/2018 24/10/2016 Monograph ( Printed materials)

 

Arrupe Library. PO Box MP320 Mt Pleasant, Harare, Zimbabwe
263 242 745411|librarian@aju.ac.zw